| 000 | 02035cam a2200445 a 4500 | ||
|---|---|---|---|
| 999 |
_c505 _d505 |
||
| 001 | 16688116 | ||
| 003 | OSt | ||
| 005 | 20190819091203.0 | ||
| 008 | 110311s2012 nyu c 000 1 eng | ||
| 010 | _a 2011009350 | ||
| 020 | _a9780147511836 | ||
| 035 | _a(OCoLC)ocn717291582 | ||
| 040 |
_aDLC _beng _cDLC _dIG# _dON8 _dBDX _dIK2 _dOCLCQ _dVP@ _dYDXCP _dDLC |
||
| 041 | 1 |
_aeng _hger |
|
| 042 |
_alcac _apcc |
||
| 043 | _ae-uk--- | ||
| 082 | _aFIC VOO | ||
| 100 | 1 |
_aVoorhoeve, Anne C. _eauthor |
|
| 240 | 1 | 0 |
_aLiverpool Street . _lGerman |
| 245 | 1 | 0 |
_aMy family for the war / _cby Anne C. Voorhoeve ; translated by Tammi Reichel. |
| 260 |
_aNew York : _bSpeak, an imprint of Penguin Group, _c2015. |
||
| 300 |
_a402 p. ; _c22 cm. |
||
| 520 | _aBefore the start of World War II, ten-year-old Ziska Mangold, who has Jewish ancestors but has been raised as a Protestant, is taken out of Nazi Germany on one of the Kindertransport trains, to live in London with a Jewish family, where she learns about Judaism and endures the hardships of war while attempting to keep in touch with her parents, who are trying to survive in Holland. | ||
| 650 | 0 |
_aWorld War, 1939-1945 _zEngland _vJuvenile fiction. |
|
| 650 | 0 |
_aIdentity (Philosophical concept) _vJuvenile fiction. |
|
| 650 | 0 |
_aJews _zEngland _vJuvenile fiction. |
|
| 650 | 0 |
_aRefugees _vJuvenile fiction. |
|
| 650 | 0 |
_aHolocaust, Jewish (1939-1945) _vJuvenile fiction. |
|
| 650 | 1 |
_aWorld War, 1939-1945 _zEngland _vFiction. |
|
| 650 | 1 |
_aIdentity _vFiction. |
|
| 650 | 1 |
_aJews _zEngland _vFiction. |
|
| 650 | 1 |
_aRefugees _vFiction. |
|
| 650 | 1 |
_aHolocaust, Jewish (1939-1945) _vFiction. |
|
| 651 | 0 |
_aGreat Britain _xHistory _yGeorge VI, 1936-1952 _vJuvenile fiction. |
|
| 651 | 1 |
_aGreat Britain _xHistory _yGeorge VI, 1936-1952 _vFiction. |
|
| 700 | 1 |
_aReichel, Tammi. _eTranslator |
|
| 906 |
_a7 _bcbc _corignew _d1 _eecip _f20 _gy-gencatlg |
||
| 942 |
_2ddc _cFIC |
||